000 00619nam a2200145Ia 4500
008 231129s2006||||xx |||||||||||||| ||spa||
020 _a978-958-8321-27-1
040 _bspa
082 _a709.86 G137s
100 _aGaitán Tobar Andrés
245 0 _aSevero Revés. Entre fragmentos de espejo y partí­culas de muerte / Andrés Gaitán Tobar Me veo y me reflejo me ves y me refracto / Claudia Salamanca Bogotá: reflexiones sobre arte público
260 _c2006
264 _aAlcaldia Mayor de Bogotá. Secretaria Distrital de Cultura Recreación y deporte
942 _2ddc
_cBKS
999 _c24522
_d24522